| 000 | 00705nam a2200193 a 4500 | ||
|---|---|---|---|
| 005 | 20240911063826.0 | ||
| 008 | 991125s1949 ea 000 0 spa u | ||
| 035 | _aUPN01000001516 | ||
| 049 | _aCG | ||
| 050 | 4 |
_aLC149 _bS4.3 1948 |
|
| 111 | 2 |
_aSeminario Regional de Educación en la América Latina _d(1948 : _cCaracas) |
|
| 245 | 1 | 0 | _aAlfabetización y educación de adultos. |
| 260 |
_aWashington : _bUnión Panamericana, Departamento de Asuntos Culturales, División de Educación, _c1949. |
||
| 300 | _axxiv, 48 p. | ||
| 440 | 0 |
_aTrabajos colectivos e individuales ; _v1 |
|
| 650 | 4 |
_aAnalfabetismo _zAmérica Latina _94903 |
|
| 650 | 4 |
_aEducación de adultos _zAmérica Latina _913359 |
|
| 905 | _aLibro | ||
| 999 |
_c1516 _d1516 |
||